The Broadcast 41 ; (Record no. 170907)

MARC details
000 -LEADER
fixed length control field 00959nam a22002657a 4500
003 - CONTROL NUMBER IDENTIFIER
control field OSt
005 - DATE AND TIME OF LATEST TRANSACTION
control field 20240802091842.0
008 - FIXED-LENGTH DATA ELEMENTS--GENERAL INFORMATION
fixed length control field 240725b |||||||| |||| 00| 0 eng d
020 ## - INTERNATIONAL STANDARD BOOK NUMBER
International Standard Book Number 9781912685424 (paperback)
040 ## - CATALOGING SOURCE
Original cataloging agency NUST
Language of cataloging eng
Transcribing agency NUST
Modifying agency NUST
Description conventions rda
050 ## - LIBRARY OF CONGRESS CALL NUMBER
Classification number PN1590 STA
100 ## - MAIN ENTRY--PERSONAL NAME
Personal name Stabile, Carol A
Relator term Author
245 ## - TITLE STATEMENT
Title The Broadcast 41 ;
Remainder of title Women and the anti-communist blacklist /
Statement of responsibility, etc. Carol A. Stabile
260 ## - PUBLICATION, DISTRIBUTION, ETC.
Place of publication, distribution, etc. London :
Name of publisher, distributor, etc. Goldsmiths Press,
Date of publication, distribution, etc. 2018.
300 ## - PHYSICAL DESCRIPTION
Extent xxvi, 274 pages :
Dimensions 24 cm
336 ## - CONTENT TYPE
Source rdamedia
Content type term text
Content type code txt
337 ## - MEDIA TYPE
Source rdamedia
Media type term unmediated
Media type code n
338 ## - CARRIER TYPE
Source rdamedia
Carrier type term volume
Carrier type code nc
504 ## - BIBLIOGRAPHY, ETC. NOTE
Bibliography, etc. note Includes bibliographical references and index.
650 ## - SUBJECT ADDED ENTRY--TOPICAL TERM
Form subdivision United States- Federal Bureau and investigation.
650 ## - SUBJECT ADDED ENTRY--TOPICAL TERM
Form subdivision Blackisting of entertainers - United States.
650 ## - SUBJECT ADDED ENTRY--TOPICAL TERM
Form subdivision Women entertainers - United States.
650 ## - SUBJECT ADDED ENTRY--TOPICAL TERM
Form subdivision Communism - United States.
942 ## - ADDED ENTRY ELEMENTS (KOHA)
Source of classification or shelving scheme Library of Congress Classification
Koha item type Ordinary Loan Books
Classification part PN1590 STA
Call number prefix PN
Call number suffix STA
Suppress in OPAC No
Holdings
Withdrawn status Lost status Source of classification or shelving scheme Damaged status Not for loan Collection Home library Current library Shelving location Date acquired Source of acquisition Cost, normal purchase price Total Checkouts Full call number Barcode Date last seen Accession number Cost, replacement price Price effective from Koha item type Public note
    LCC     NFIC MAIN MAIN GEN 07/25/2024 Book Aid International 50.00   PN1590 STA 92004053175 07/25/2024 60995 50.00 07/25/2024 BOOKS Donation